Score 0/106 Timer 15:00
0 Plays Today
People Journalism % Correct
Amante de Puta Mierda IIO Roi
95.7%
Un GrandeRoi
94.3%
FE-JONSJorge Pan
90%
100 de ellasRubén Luengo
87.1%
Sergi PérezErea
85.7%
Don José LuisPepelu
84.3%
CáncerLucía
84.3%
Flípanlle as cartas MagicH
84.3%
Quere pinar MOITO ao RoiRita
84.3%
PeleónJuanMa
82.9%
LorosPablo Lago
82.9%
Desperta, cabrónBrais
81.4%
ObradoiroMirian
81.4%
ZlatanAlex Salse
80%
Gústalle o jamón serranoElena Villanueva
77.1%
Su patria era un burdelSara Yáñez
74.3%
CanariasMoisés
72.9%
Africa powaMoisés
72.9%
AmiguérrimaSara Alonso
72.9%
???Cristina Corral
71.4%
Atleta do nivel de AbeledoChapi
70%
FE-JONSMiguel Piñeiro
70%
Premio ortográficoTsarina
70%
Como unha canción de Lady GagaSilvia Seoane
68.6%
El traballa, en realidadeJorge Quintáns
67.1%
CaciqueDarío
65.7%
CruzAlejandro
64.3%
Amiga de ABVane Siso
64.3%
FascistaAna Picado
64.3%
Chorbo nenoAndrés Seoane
64.3%
JasúsPablo Mayo
64.3%
DroghaoVíctor
62.9%
Arriba EspañaMaría Vilela
62.9%
MecaSandra Mourelos
61.4%
Se mete toaElena Eiras
61.4%
Amiga de ABRaquel
61.4%
People Journalism % Correct
ManiquíMarta Padín
60%
Vive co RoiMaría González
60%
Gigante CuléAngel Vila
58.6%
De onde carallo sae?Dani Abeledo
58.6%
Alexandra
57.1%
ApoloMaría Vallebona
57.1%
O outro día caín xogano ó fútbol e leveime un...Marta Fernández Pereira
57.1%
Cristian
57.1%
Te como 2.0Lau Basanta
57.1%
Onde carallo anda?Blanca
55.7%
No Maycar, con VilasAlba Basanta
55.7%
Alicia Penalta
55.7%
Xoga pola bandaDiego Fonseca
55.7%
Me meto cocaCarlos Pereiro
55.7%
EstrellaEdu Apariz
54.3%
HockeyAdrián Boo
52.9%
En ocasións oe fantasmasNadir
51.4%
Dépor BCarolina
51.4%
Cara el SolÚrsula
51.4%
Carlos TouralAlba Precedo
50%
Jorge PanAndrea Abal
50%
Alberto Vilas
50%
De LujoDiego Fernández
50%
con JimmyJuan Carballo
50%
Vive con JuanmaJorge González Lemos
50%
NetsAlexandre
48.6%
Mala hostiaLorena Rivero
48.6%
Pulp FictionNatalia Toubes
48.6%
Futuro ChapuBerto
48.6%
KOGabriel Cao
48.6%
Amiga da María e da SabelaAndrea Losada
47.1%
Vestido deGala
47.1%
FuegoPablito Dacosta
45.7%
MakeleleEdu Agulló
45.7%
Corbata excitanteCristina Martínez Carou
44.3%
Gareth BarryAlba Barral
44.3%
People Journalism % Correct
Amigo de ABJuan David Sobral
44.3%
Pin hiEliana
44.3%
GusaneteAlba Lago
44.3%
CarnotaDiana Lago
44.3%
Secundario Lucas
44.3%
Hello KittyCris Cabana
44.3%
ArbeloaÁlvaro
42.9%
PontevedraAndrea Fernández
42.9%
The Joshua TreeIria
42.9%
Al FrenteNuria Lago
42.9%
Amigo de DiosEdu Abelairas
42.9%
Ponte do MilenioSabela
41.4%
Xa non estáJulia Ammerman
41.4%
Onion glassesLaura Díaz
41.4%
Aposta sen sentidoAlba Villar
41.4%
Coach CarterLorena Cochon
41.4%
ArbushtoMaría Quintiana
40%
Pulp FictionAna Vega
40%
Vai a inglés con RoiAngel Miranda
40%
Ñorda de primeira filaNuria Augusto
38.6%
ViladecrusesSoraia Vilar
37.1%
Quen?Cristina Méndez
37.1%
Who?Lara
37.1%
Gastón CasasYufiyú
35.7%
CaniNoemi Castro
35.7%
PeñasLena
35.7%
Ordenador no fontes de SarAna Pérez
35.7%
Robert PattinsonLucía Caride
35.7%
Quere pinar ao RoiLorena Pais
34.3%
La puta amaLaura Sanisidro
32.9%
MatildaÁngela Fontao
32.9%
Amiga da MaríaSonia Herrera
32.9%
BlogueSilvia Muíña
28.6%
Pina de péMiguel Suárez
21.4%
Remove Ads.
Support Sporcle.
Get the best of Sporcle when you Go Orange. This ad-free experience offers more features, more stats, and more fun while also helping to support Sporcle. Thank you for becoming a member.

You're not logged in!

Compare scores with friends on all Sporcle quizzes.
OR
Log In

Show Comments

Extras

Created Oct 13, 2010ReportNominate
Tags:people

Top Quizzes Today


Score Distribution

Your Account Isn't Verified!

In order to create a playlist on Sporcle, you need to verify the email address you used during registration. Go to your Sporcle Settings to finish the process.

Report this User

Report this user for behavior that violates our Community Guidelines.

Details: